The study on non-timber forest products processing of community people at thalaborevat district steung treng province, សិក្សាពីការកែច្នៃអនុផលព្រៃឈើរបស់ប្រជាសហគមន៍ក្នុងស្រុកថាឡាបរិវ៉ាត់ ខេត្តស្ទឹងត្រែង (Record no. 3393)

000 -LEADER
fixed length control field 00713nam a22001337a 4500
040 ## - CATALOGING SOURCE
Transcribing agency RUA
082 ## - DEWEY DECIMAL CLASSIFICATION NUMBER
Classification number FOR RIN 2010 B139 Or.1
100 ## - MAIN ENTRY--AUTHOR NAME
Personal name RIN, CHENDA.
245 ## - TITLE STATEMENT
Title The study on non-timber forest products processing of community people at thalaborevat district steung treng province, សិក្សាពីការកែច្នៃអនុផលព្រៃឈើរបស់ប្រជាសហគមន៍ក្នុងស្រុកថាឡាបរិវ៉ាត់ ខេត្តស្ទឹងត្រែង
260 ## - PUBLICATION, DISTRIBUTION, ETC. (IMPRINT)
Place of publication Phnom Penh
Name of publisher RUA
Year of publication 2010
300 ## - PHYSICAL DESCRIPTION
Number of Pages xi; 49p.
Other physical details ill.
Dimensions 29cm.
856 ## - ELECTRONIC LOCATION AND ACCESS
Uniform Resource Identifier https://drive.google.com/file/d/1MeltMOwlHy1cWtnNpAd0gkXMQfQHqtgp/view?usp=sharing
942 ## - ADDED ENTRY ELEMENTS (KOHA)
Koha item type FOR
952 ## - LOCATION AND ITEM INFORMATION (KOHA)
Withdrawn status [LOCAL, KOHA] 0
952 ## - LOCATION AND ITEM INFORMATION (KOHA)
Withdrawn status [LOCAL, KOHA] 0
952 ## - LOCATION AND ITEM INFORMATION (KOHA)
Withdrawn status [LOCAL, KOHA] 0
952 ## - LOCATION AND ITEM INFORMATION (KOHA)
Withdrawn status [LOCAL, KOHA] 0
952 ## - LOCATION AND ITEM INFORMATION (KOHA)
Withdrawn status [LOCAL, KOHA] 0
952 ## - LOCATION AND ITEM INFORMATION (KOHA)
Withdrawn status [LOCAL, KOHA] 0
952 ## - LOCATION AND ITEM INFORMATION (KOHA)
Withdrawn status [LOCAL, KOHA] 0
Holdings
Permanent Location Date acquired Koha item type Lost status Shelving location Barcode Current Location Full call number
Library Block B2015-11-13FOR B139RUA026455Library Block BFOR RIN 2010 B139 Or.1
Library Block B2015-11-13FOR B139RUA026410Library Block BFOR RIN 2010 B139 Or.2
Library Block B2015-11-13FOR B139RUA026909Library Block BFOR RIN 2010 B139 Or.3
Library Block B2015-11-13FOR B139RUA026693Library Block BFOR RIN 2010 B139 Or.4
Library Block B2015-11-13FOR B139RUA026915Library Block BFOR RIN 2010 B139 Or.5
Library Block B2015-11-13FOR B139RUA027757Library Block BFOR RIN 2010 B139 Or.6
Library Block B2015-11-13FOR B139RUA027641Library Block BFOR RIN 2010 B139 Or.7
មជ្ឈមណ្ឌលឯការនៃសាកលវិទ្យាល័យភូមិន្ទកសិកម្មចំការដូង

Powered by Koha